Someone Like You - Noah Kahan (All Lyrics) - Statistics

General Stats
  • This quiz has been taken 33 times
  • The average score is 283 of 341
Answer Stats
Lyrics % Correct
a
100%
I
100%
no
100%
To
100%
to
100%
you
100%
You
100%
you)
100%
And
92%
and
92%
can
92%
find
92%
go
92%
like
92%
now
92%
Now
92%
(Now
92%
someone
92%
Someone
92%
(Someone
92%
all
83%
But
83%
gone
83%
I'm
83%
in
83%
left
83%
the
83%
The
83%
want
83%
you're
83%
Because
75%
been
75%
can't
75%
did
75%
Do
75%
do?"
75%
do?)
75%
down
75%
had
75%
head
75%
hold
75%
is
75%
I've
75%
lining
75%
lose
75%
mess
75%
more
75%
must've
75%
not
75%
Oh
75%
out
75%
silver
75%
that
75%
town
75%
tried
75%
trying
75%
voice
75%
"What
75%
(What
75%
wish
75%
yeah
75%
back
67%
get
67%
have
67%
It
67%
Lost
67%
my
67%
reason
67%
second
67%
stuck
67%
with
67%
With
67%
from
58%
heard
58%
makes
58%
repent
58%
Are
50%
feelings
50%
Guess
50%
haven't
50%
one
50%
screamed
50%
sense
50%
those
50%
weeks
50%
bring
33%
else
33%
grave
33%
Knowing
33%
them
33%
felt
25%
space
17%
No matching quizzes found
Score Distribution
Percent of People with Each Score
Percentile by Number Answered
Your Score History
You have not taken this quiz